000 00497nam a2200217Ia 4500
003 OSt
005 20221005132026.0
006 a|||||r|||| 00| 0
007 ta
008 221004b |||||||| |||| 00| 0 eng d
024 _a115709
037 _cTextual
040 _aCRL
_cCRL
_beng
041 _2eng
_aeng
100 _aAzman
_9640485
245 0 _aTazkirah shaur-e-ratareerad
260 _c1987
650 _aURDU LANGUAGE
942 _cTEXL
_2cc
999 _c1062211
_d1062211